| 000 | 00376nam a2200157Ia 4500 | ||
|---|---|---|---|
| 008 | 210430s9999 xx 000 0 und d | ||
| 020 | _a6/13/11 | ||
| 082 | _a543.086 B8631 I | ||
| 245 | _aMichael E.Brown | ||
| 250 | _a211p | ||
| 260 | _aChapman and Hall | ||
| 300 | _aIntroduction to Thermal Analysis | ||
| 650 |
_aLondon _952598 |
||
| 856 | _uBK | ||
| 942 |
_cGEN _2ddc |
||
| 999 |
_c563484 _d563484 |
||